Implicancias laborales del Reglamento Europeo sobre Inteligencia Artificial / (Registro nro. 6469)
[ vista simple ]
| 000 -LEADER | |
|---|---|
| fixed length control field | 01638nab a22002777a 4500 |
| 003 - CONTROL NUMBER IDENTIFIER | |
| control field | OSt |
| 005 - DATE AND TIME OF LATEST TRANSACTION | |
| control field | 20260209122123.0 |
| 008 - FIXED-LENGTH DATA ELEMENTS--GENERAL INFORMATION | |
| fixed length control field | 190506c xxu||||| |||| 00| 0 spa d |
| 040 ## - CATALOGING SOURCE | |
| Transcribing agency | PJ |
| 100 ## - MAIN ENTRY--PERSONAL NAME | |
| 9 (RLIN) | 5719 |
| Personal name | Velesquen Sáenz, Gustavo E. |
| 245 10 - TITLE STATEMENT | |
| Title | Implicancias laborales del Reglamento Europeo sobre Inteligencia Artificial / |
| Statement of responsibility, etc | Gustavo E. Velesquen Sáenz. |
| 260 ## - PUBLICATION, DISTRIBUTION, ETC. (IMPRINT) | |
| Place of publication, distribution, etc | Buenos Aires : |
| Name of publisher, distributor, etc | AbeledoPerrot, |
| Date of publication, distribution, etc | 2025. |
| 300 ## - PHYSICAL DESCRIPTION | |
| Extent | p. 3-16 |
| 500 ## - GENERAL NOTE | |
| General note | Cita: TR LALEY AR/DOC/235/2025.<br/> |
| 505 ## - FORMATTED CONTENTS NOTE | |
| Formatted contents note | Sumario: I. Introducción: contexto regulatorio del Reglamento Europeo sobre IA. En enfoque basado en riesgos.— II. Aspectos preliminares del Reglamento Europeo sobre IA relativos al ámbito del trabajo.— III. Considerandos del Reglamento Europeo de Inteligencia Artificial y su proyección al mundo del trabajo.— IV. Sistemas de IA considerados como de riesgo no aceptable en el ámbito del trabajo (art. 5°).— V. Sistemas de IA considerados como de alto riesgo en el ámbito del trabajo (arts. 6.1 y 6.2).— VI. Relación con otras normativas y principios internacionales.— VII. Conclusiones. |
| 505 ## - FORMATTED CONTENTS NOTE | |
| Title | ¿Te interesa el texto completo? Comunicate al correo: koha@justierradelfuego.gov.ar |
| 650 #0 - SUBJECT ADDED ENTRY--TOPICAL TERM | |
| 9 (RLIN) | 1316 |
| Topical term or geographic name as entry element | DERECHO LABORAL |
| 650 #0 - SUBJECT ADDED ENTRY--TOPICAL TERM | |
| 9 (RLIN) | 289 |
| Topical term or geographic name as entry element | TECNOLOGIA DE LA INFORMACION |
| 650 #0 - SUBJECT ADDED ENTRY--TOPICAL TERM | |
| 9 (RLIN) | 6081 |
| Topical term or geographic name as entry element | CIENCIA Y TECNOLOGÍA |
| 650 #0 - SUBJECT ADDED ENTRY--TOPICAL TERM | |
| 9 (RLIN) | 5233 |
| Topical term or geographic name as entry element | PANDEMIA |
| 650 #0 - SUBJECT ADDED ENTRY--TOPICAL TERM | |
| 9 (RLIN) | 5817 |
| Topical term or geographic name as entry element | INTELIGENCIA ARTIFICIAL |
| 650 #0 - SUBJECT ADDED ENTRY--TOPICAL TERM | |
| 9 (RLIN) | 273 |
| Topical term or geographic name as entry element | DERECHO INFORMATICO |
| 650 #0 - SUBJECT ADDED ENTRY--TOPICAL TERM | |
| 9 (RLIN) | 4439 |
| Topical term or geographic name as entry element | TELETRABAJO |
| 773 0# - HOST ITEM ENTRY | |
| Host Biblionumber | 2751 |
| Host Itemnumber | 3202 |
| Place, publisher, and date of publication | Buenos Aires : AbeledoPerrot, 2013- |
| Title | Revista de derecho laboral y seguridad social. Nº 6 - Marzo 2025 |
| 942 ## - ADDED ENTRY ELEMENTS (KOHA) | |
| Source of classification or shelving scheme | |
| Koha item type | Analítica Artículo de Revista |
No hay ítems disponibles.
